[Event "Chigorin Mem Classic Open"]
[Site "St Petersburg RUS"]
[Date "2010.10.31"]
[Round "4"]
[White "Kolesnikova,K"]
[Black "Bolbot,Artem"]
[Result "1-0"]
[WhiteElo "1918"]
[BlackElo "1665"]

1.e4 d6 2.d4 g6 3.Nc3 Bg7 4.f4 Nf6 5.Nf3 O-O 6.Bd3 Nfd7 7.e5 Nb6 8.O-O Bg4
9.h3 Bxf3 10.Qxf3 c6 11.h4 dxe5 12.dxe5 e6 13.h5 N8d7 14.Ne4 Nd5 15.hxg6 fxg6
16.Qh3 Qb6+ 17.Kh1 Rf7 18.Ng5 h6 19.Nxf7 Kxf7  1-0

[Event "20th World Seniors"]
[Site "Arco ITA"]
[Date "2010.11.01"]
[Round "6"]
[White "Jansa,Vl"]
[Black "Tseshkovsky,V"]
[Result "1/2-1/2"]
[WhiteElo "2499"]
[BlackElo "2564"]

1.e4 g6 2.d4 Bg7 3.Nc3 d6 4.Be3 c6 5.h3 Nd7 6.f4 b5 7.Bd3 b4 8.Nce2 Ngf6
9.Nf3 O-O 10.a3 bxa3 11.Rxa3 Bb7 12.c4 c5 13.d5 e6 14.Qd2 exd5 15.exd5 Re8
16.Nc3 Nh5 17.O-O f5 18.Re1 Nf8 19.Bf2 Rxe1+ 20.Bxe1 Bc8 21.Bf2 a6 22.Na2 Qf6
23.Rb3 Qe7 24.Nc3 Qc7 25.g3 Bd7 26.Ra3 Qb7 27.Kg2 Rb8 28.Nd1 Nf6 29.Qa5 Bc8
30.Nd2 Qe7 31.Bc2 Ne4 32.Nxe4 fxe4 33.Re3 Bxb2 34.Rxe4 Qf7 35.Nxb2 Rxb2 36.Re2 Bxh3+
37.Kxh3 Rxc2 38.Rxc2 Qf5+ 39.Kg2 Qxc2 40.Qxa6 Qe4+ 41.Kg1 Qe7 42.Kg2 Nd7
43.Qb7 h5 44.Kf1 Kf7 45.Be1 Nf6 46.Qxe7+ Kxe7 47.Ke2 Ng4 48.Kf3 Nh6 49.Bc3 Nf5
50.Be1  1/2-1/2

[Event "14th OIBM"]
[Site "Bad Wiessee GER"]
[Date "2010.11.01"]
[Round "4.40"]
[White "Walter,T"]
[Black "Buchal,S"]
[Result "1/2-1/2"]
[WhiteElo "2109"]
[BlackElo "2334"]

1.e4 g6 2.d4 Bg7 3.Nc3 d6 4.f4 a6 5.Nf3 b5 6.a3 Nd7 7.Be2 c5 8.Be3 Bb7 9.e5 cxd4
10.Bxd4 dxe5 11.fxe5 e6 12.Qd3 Ne7 13.Ne4 Nf5 14.O-O-O O-O 15.Bc3 Bxe4 16.Qxe4 Nc5
17.Rxd8 Nxe4 18.Rxa8 Rxa8 19.Ba5 Ne3 20.g3 Rc8 21.Kb1 h5 22.Re1 Bh6 23.Bd3 Nf2
24.Bd2 Nxd3 25.cxd3 Nf5 26.Bxh6 Nxh6 27.Rc1 Rd8 28.d4 Nf5 29.Rc6 a5 30.Rc5 Rb8
31.b4 axb4 32.axb4 Rb7 33.Kb2 Kg7 34.Kc3 Ra7 35.Kb2 Rb7 36.Kb3 g5 37.d5 g4
38.Ng5 exd5 39.Rxd5 Ne3 40.Rc5 Nf1 41.e6 f6 42.Rd5 Kg6 43.Rd7 Rb8 44.e7 Re8
45.Ne6 Kf7 46.Nd8+ Kg6 47.Nc6 Nxh2 48.Rd8 Kf7 49.Rd5 Nf3 50.Rxh5 Nd2+ 51.Kc2 Ne4
52.Kd3 Nxg3 53.Rxb5 Kg6 54.Ke3 Nf5+ 55.Kf4 Nxe7 56.Nxe7+ Rxe7 57.Kxg4 Re1
58.Rb8 f5+ 59.Kg3 Rb1 60.b5 Kg5 61.b6 Rb3+ 62.Kg2 Kf4 63.b7 Rb2+ 64.Kh3 Rb3+
65.Kh4 Rb5 66.Kh3 Rb3+ 67.Kh4 Rb5 68.Kh3  1/2-1/2

[Event "VII Open"]
[Site "Figueira da Foz POR"]
[Date "2010.11.01"]
[Round "3.4"]
[White "Mirzoev,A"]
[Black "Vassallo Barroche,M"]
[Result "1-0"]
[WhiteElo "2527"]
[BlackElo "2422"]

1.d4 g6 2.e4 Bg7 3.Nc3 d6 4.Bg5 c6 5.Qd2 b5 6.f3 Nd7 7.a4 b4 8.Nd1 Rb8 9.Nh3 Ngf6
10.Nhf2 Qc7 11.Be2 c5 12.d5 h6 13.Be3 Ne5 14.O-O h5 15.h3 a5 16.c4 bxc3 17.Nxc3 Rb4
18.Nb5 Qb8 19.Qc2 h4 20.f4 Ned7 21.Bd2 Nh5 22.Bxb4 axb4 23.Bxh5 Rxh5 24.Ng4 f5
25.exf5 gxf5 26.Rae1 Bf8 27.Re6 Kd8 28.Ne3 Nb6 29.Qe2 Rh7 30.Nxf5 Bd7 31.Qg4 Rh8
32.Qg5 Nxa4 33.Nbxd6  1-0

[Event "20th World Seniors"]
[Site "Arco ITA"]
[Date "2010.11.02"]
[Round "7"]
[White "Haubt,G"]
[Black "Schwertel,J"]
[Result "1/2-1/2"]
[WhiteElo "2224"]
[BlackElo "2027"]

1.e4 d6 2.d4 g6 3.Nc3 Bg7 4.Be3 c6 5.Qd2 Nf6 6.h3 O-O 7.f4 a5 8.Nf3 Qc7 9.Bd3 b6
10.g4 Ba6 11.f5 Bxd3 12.cxd3 c5 13.dxc5 dxc5 14.Bf4 Qb7 15.O-O Nc6 16.Bh6 Rad8
17.e5 Ne8 18.Bxg7 Kxg7 19.Rae1 Nd4 20.Ne4 f6 21.Nxd4 Rxd4 22.fxg6 hxg6 23.Re3 Qd7
24.exf6+ exf6 25.Qe2 Kg8 26.Ref3 Kg7 27.b3 Rd5 28.Re3 Re5 29.Qb2 Qd4 30.Qxd4 cxd4
31.Ref3 f5 32.Nd2 Nd6 33.Nc4 Nxc4 34.bxc4 b5 35.gxf5 gxf5 36.Rc1 Kf6 37.c5 Rc8
38.c6 Rc7 39.Rf4 Re3 40.Rxd4 Rxh3 41.Kg2 Ke5 42.Rd7 Rxd7 43.cxd7 Rxd3 44.Rc5+ Ke6
45.Rxb5 Rxd7 46.Rxa5 Rd3  1/2-1/2

[Event "14th OIBM"]
[Site "Bad Wiessee GER"]
[Date "2010.11.02"]
[Round "5.16"]
[White "Abergel,T"]
[Black "Heimrath,R"]
[Result "1-0"]
[WhiteElo "2521"]
[BlackElo "2231"]

1.e4 d6 2.d4 g6 3.Nc3 Bg7 4.Nge2 b6 5.h4 h5 6.Bg5 Bb7 7.Qd2 Nd7 8.O-O-O b5
9.Nxb5 Bxe4 10.Qc3 Rc8 11.f3 a6 12.Na7 Ra8 13.fxe4 Rxa7 14.e5 Nh6 15.e6 fxe6
16.Nf4 Nf8 17.Bc4 d5 18.Bd3 Nf5 19.Bxf5 gxf5 20.Qc5 Ra8 21.Qc6+ Kf7 22.Rhe1 Qc8
23.Nxd5 Bf6 24.Nf4 Rb8 25.Qc4 Qb7 26.b3 Qb4 27.Qxc7 Rb7 28.Qc6 Rb6 29.Qf3 Bxd4
30.Bxe7 Qxe7 31.Rxd4 Ng6 32.Red1 Qa3+ 33.Kb1 Ne5 34.Qe3 Rb5 35.Rd7+ Kf6 36.R1d6  1-0

[Event "Chigorin Mem Classic Open"]
[Site "St Petersburg RUS"]
[Date "2010.11.02"]
[Round "6"]
[White "Ambartsumova,K"]
[Black "Rozum,I"]
[Result "1/2-1/2"]
[WhiteElo "2302"]
[BlackElo "2476"]

1.e4 g6 2.d4 Bg7 3.Nc3 d6 4.Nf3 Nf6 5.h3 O-O 6.Be3 c6 7.a4 Qc7 8.Qd2 e5 9.dxe5 dxe5
10.Rd1 Nbd7 11.Bc4 a6 12.O-O b5 13.Ba2 b4 14.Ne2 Nxe4 15.Qxb4 Ndf6 16.Bb6 Qb7
17.a5 c5 18.Qa4 Bd7 19.Qa3 Rfe8 20.Rfe1 Bc6 21.Nc1 Bf8 22.Qe3 Qe7 23.Nd3 Nd7
24.Bc7 Bg7 25.c3 Rac8 26.Bxe5 Nxe5 27.Ndxe5 Bxe5 28.Nxe5 Qxe5 29.f3 Qf5 30.fxe4 Rxe4
31.Qg3 c4 32.Rxe4 Bxe4 33.Rd4 Bd3 34.Qf2 Qxf2+ 35.Kxf2 Rc5 36.Ke3 Kg7 37.Kd2 h5
38.b4 cxb3 39.Bxb3 Bf1 40.Rd5 Rc7 41.Rg5 f6 42.Rg3 h4 43.Rg4 g5 44.Bd5 Rc5
45.c4 Rxa5 46.Kc3 Ra1 47.Rd4 f5 48.Rd2 Kf6 49.Kd4 a5 50.Bf3 Rc1 51.c5 a4
52.Ra2 Bb5 53.Rb2 a3 54.Rxb5 a2 55.Rb6+ Ke7 56.Rb7+ Kd8 57.Rb8+ Kc7 58.Ra8 a1=Q+
59.Rxa1 Rxa1 60.Ke5 Ra5 61.Kf6 g4 62.hxg4 Ra3 63.g5 h3 64.g6 h2 65.g7 h1=Q
66.g8=Q Ra6+ 67.c6 Qh4+ 68.Qg5 Qd4+ 69.Kg6 Qd6+ 70.Qf6 Qd3 71.Qxf5 Qd6+  1/2-1/2

[Event "Chigorin Mem Classic Open"]
[Site "St Petersburg RUS"]
[Date "2010.11.02"]
[Round "6"]
[White "Slizhevsky,A"]
[Black "Malakhatko,V"]
[Result "0-1"]
[WhiteElo "2446"]
[BlackElo "2578"]

1.e4 g6 2.d4 Bg7 3.Nc3 d6 4.f4 e6 5.Nf3 Ne7 6.Bd3 a6 7.O-O O-O 8.Kh1 b5 9.e5 Nd7
10.Ne4 Nb6 11.Qe2 Bb7 12.c3 Nf5 13.b3 h5 14.Bd2 Qe7 15.Rae1 Rfe8 16.Kg1 Nd7
17.Bc1 Qd8 18.Qf2 Rc8 19.Rd1 Bf8 20.Ng3 Nb6 21.Ne4 Nd7 22.Bb1 c5 23.Ng3 cxd4
24.Nxf5 exf5 25.cxd4 Nb6 26.Qg3 Bg7 27.Ba3 Nd5 28.Rde1 b4 29.Bb2 dxe5 30.Rxe5 Nc3
31.Kh1 Nxb1 32.Rxb1 Bxe5 33.fxe5 Rc2 34.Qf4 Qd5 35.Qg5 Qe4 36.d5 Rxg2 37.Kxg2 Qxb1
38.Bd4 Bxd5 39.e6 Bxf3+ 40.Kxf3 Qe4+  0-1

[Event "Chigorin Mem Classic Open"]
[Site "St Petersburg RUS"]
[Date "2010.11.02"]
[Round "6"]
[White "Gantsevich,Dmitry"]
[Black "Gusev,B"]
[Result "0-1"]
[WhiteElo "1623"]
[BlackElo "1759"]

1.e4 d6 2.d4 g6 3.Nc3 Bg7 4.f4 e6 5.Nf3 Nf6 6.Bc4 O-O 7.O-O Nc6 8.d5 exd5
9.exd5 Ne7 10.Re1 Bg4 11.h3 Bxf3 12.Qxf3 Nh5 13.g4 Bd4+ 14.Kh2 Nf6 15.f5 Nd7
16.Rf1 Ne5 17.Qf4 c5 18.dxc6 N7xc6 19.Bb3 Qh4 20.Qe4 Rae8 21.Qf4 Nd3 22.Qh6 Be5+
23.Kh1 Nf2+ 24.Rxf2 Qxf2  0-1

[Event "Chigorin Mem Classic Open"]
[Site "St Petersburg RUS"]
[Date "2010.11.02"]
[Round "6"]
[White "Menovshchikov,Mark"]
[Black "Chepel,N"]
[Result "1/2-1/2"]
[WhiteElo "2023"]
[BlackElo "2240"]

1.e4 g6 2.d4 Bg7 3.Nc3 d6 4.Be3 a6 5.Qd2 b5 6.O-O-O Bb7 7.f3 Nd7 8.h4 h5
9.Nh3 Rc8 10.Ng5 Nh6 11.g4 b4 12.Nb1 c5 13.gxh5 gxh5 14.dxc5 Qa5 15.Bd4 Nxc5
16.Bc4 e5 17.Bxc5 Qxc5 18.Bb3 Ke7 19.Rhg1 Bf6 20.f4 exf4 21.Qxf4 Qe5 22.Qxe5+ Bxe5
23.Rdf1 f6 24.Ne6 Ng4 25.Nd2 Rh7 26.Nf4 Bxf4 27.Rxf4 Ne5 28.Kd1 a5 29.Bg8 Rh6
30.Rg7+ Kf8 31.Rxb7 Kxg8 32.Ra7 Rg6 33.Rxa5 Rg1+ 34.Rf1 Rg2 35.Rd5 Ng4 36.Rf3 Rg1+
37.Nf1 Rxf1+ 38.Rxf1 Ne3+ 39.Ke1 Nxf1 40.Kxf1 Rxc2 41.Rxd6 Kf7 42.b3 Rxa2
43.Rb6 Rh2 44.Rxb4 Rxh4 45.Kf2 Ke6 46.Kg3 Rh1 47.Kg2  1/2-1/2

[Event "20th World Seniors"]
[Site "Arco ITA"]
[Date "2010.11.03"]
[Round "8"]
[White "Caramaschi,V"]
[Black "Cerusico,C"]
[Result "1/2-1/2"]
[WhiteElo "1669"]
[BlackElo "1404"]

1.e4 g6 2.d4 Bg7 3.Nc3 d6 4.h3 e6 5.Bb5+ Nd7 6.Be3 Ne7 7.f4 a6 8.Bd3 h6 9.Nf3 b6
10.Ne2 Bb7 11.c3 f5 12.Ng3 fxe4 13.Nxe4 Nf5 14.Bf2 Nf6 15.Qc2 Qd7 16.O-O-O O-O-O
17.Rhg1 Nxe4 18.Bxe4 Bxe4 19.Qxe4 Kb8 20.g4 d5 21.Qd3 Nd6 22.Nd2 g5 23.fxg5 hxg5
24.Qxa6 Rxh3 25.Bg3 Nf7 26.a4 Qc8 27.Qb5 e5 28.Nb3 Qb7 29.a5 Nd6 30.Qa4 Qa6
31.dxe5 Ne4 32.e6 Bf6 33.Rxd5 Nxg3 34.Rxd8+ Bxd8 35.Nd4 Ne2+ 36.Nxe2 Qxe2
37.Qe8 Qe3+ 38.Kc2 Qxg1 39.Qxd8+ Kb7 40.a6+ Kxa6 41.Qa8+ Kb5 42.Qd5+ Ka6
43.Qa8+ Kb5  1/2-1/2

[Event "VII Open"]
[Site "Figueira da Foz POR"]
[Date "2010.11.03"]
[Round "5.1"]
[White "Mirzoev,A"]
[Black "Todorov,Todor"]
[Result "1/2-1/2"]
[WhiteElo "2527"]
[BlackElo "2487"]

1.d4 g6 2.e4 Bg7 3.Nc3 d6 4.Be3 a6 5.Qd2 b5 6.f3 Nd7 7.Nh3 c5 8.Nf2 cxd4
9.Bxd4 Bxd4 10.Qxd4 Ngf6 11.a4 bxa4 12.Be2 Rb8 13.Nxa4 Qc7 14.Qd2 O-O 15.O-O Ne5
16.b3 Bb7 17.Nb2 Rfc8 18.Nc4 d5 19.exd5 Nxd5 20.Rfe1 Nxc4 21.Bxc4 Rd8 22.Qa5 Qc6
23.Nd3 Qf6 24.Ne5 Rd6 25.Qc5 Rbd8 26.Ng4 Qc3 27.Ne5 Re6 28.Nd3 Rxe1+ 29.Rxe1 Qxc2
30.Bxd5 Qxc5+ 31.Nxc5 Bxd5 32.Rxe7 Rc8 33.Nxa6 Bxb3 34.Nb4  1/2-1/2

[Event "14th OIBM"]
[Site "Bad Wiessee GER"]
[Date "2010.11.04"]
[Round "6.37"]
[White "Danielmeier,R"]
[Black "Buchal,S"]
[Result "0-1"]
[WhiteElo "2167"]
[BlackElo "2334"]

1.e4 g6 2.d4 Bg7 3.Nc3 d6 4.g3 Nf6 5.Bg2 O-O 6.Nge2 e5 7.h3 c6 8.a4 Na6 9.Be3 Nb4
10.dxe5 dxe5 11.Bc5 Qxd1+ 12.Rxd1 Nxc2+ 13.Kd2 Nd4 14.Bxf8 Bxf8 15.f4 Nxe2
16.Kxe2 Be6 17.Rd2 exf4 18.gxf4 Nh5 19.f5 gxf5 20.Rg1 Bc5 21.Rgd1 Bb6 22.Rd6 Re8
23.Kf3 fxe4+ 24.Nxe4 f5 25.Nc3 Bc4 26.Bf1 Re3+ 27.Kg2 Nf4+ 28.Kh2 Bxf1 29.Rd8+ Bxd8  0-1

[Event "14th OIBM"]
[Site "Bad Wiessee GER"]
[Date "2010.11.04"]
[Round "7.10"]
[White "Zdebskaja,N"]
[Black "Kunin,V"]
[Result "1-0"]
[WhiteElo "2357"]
[BlackElo "2538"]

1.e4 g6 2.d4 Bg7 3.Nc3 d6 4.f4 Nf6 5.Nf3 O-O 6.Bd3 Nc6 7.O-O e5 8.fxe5 dxe5
9.d5 Nd4 10.Nxe5 Nxd5 11.Nxd5 Bxe5 12.Bf4 Nc6 13.Qf3 Be6 14.Bxe5 Nxe5 15.Nf6+ Kg7
16.Qg3 Qd4+ 17.Kh1 Nd7 18.Nxd7 Qxd7 19.e5 Qd4 20.Qg5 Rae8 21.Rf4 Qxb2 22.Raf1 Bxa2
23.Rh4 Rh8 24.Qf6+ Kg8 25.c4  1-0

[Event "20th World Seniors Women"]
[Site "Arco ITA"]
[Date "2010.11.05"]
[Round "8"]
[White "Shushpanova,N"]
[Black "Blagonadezhnaya,I"]
[Result "1-0"]
[WhiteElo "1993"]
[BlackElo "1958"]

1.e4 g6 2.d4 Bg7 3.Nc3 d6 4.Be3 Nf6 5.f3 O-O 6.Qd2 Re8 7.O-O-O a6 8.Bh6 Bh8
9.h4 Nc6 10.h5 e5 11.d5 Ne7 12.hxg6 Nxg6 13.g4 b5 14.Nge2 Nd7 15.Ng3 Ndf8
16.Nf5 Bf6 17.Ne2 a5 18.Neg3 Nf4 19.Nh5 Bg5 20.Nxf4 exf4 21.Bxg5 Qxg5 22.Rh5 Qf6
23.Qxf4 Ng6 24.Nh6+ Kg7 25.Qxf6+ Kxf6 26.Nf5 Bxf5 27.Rxf5+ Kg7 28.Bxb5 Rh8
29.Be2 f6 30.Rh5 Nf4 31.Rh2 Rae8 32.Bd3 Re5 33.Bb5 Re7 34.Rd4 Ng6 35.Ra4 Ra8
36.b4 Ne5 37.Rf2 Rb8 38.Rxa5 c6 39.dxc6 Rc7 40.a3 Nxc6 41.Bxc6 Rxc6 42.b5 Rc5
43.a4 d5 44.exd5 Rxd5 45.Rd2 Rc5 46.Ra6 Rc3 47.Rd3 Rc4 48.Kd2 Rc5 49.b6 h5
50.Rd7+ Kg6 51.b7 hxg4 52.Ra8  1-0

[Event "20th World Seniors"]
[Site "Arco ITA"]
[Date "2010.11.05"]
[Round "10"]
[White "Doehner,H"]
[Black "Cernea,R"]
[Result "1/2-1/2"]
[WhiteElo "2169"]
[BlackElo "2039"]

1.e4 g6 2.d4 Bg7 3.Nc3 d6 4.f4 e6 5.Nf3 Ne7 6.Be3 Nd7 7.Qd2 a6 8.Be2 b5 9.a3 Bb7
10.O-O h6 11.Rad1 Rc8 12.e5 Nb6 13.b3 Nf5 14.Bf2 h5 15.Ng5 d5 16.g3 Qe7 17.Nb1 O-O  1/2-1/2

[Event "20th World Seniors"]
[Site "Arco ITA"]
[Date "2010.11.05"]
[Round "10"]
[White "Blaeser,R"]
[Black "Zunker,R"]
[Result "0-1"]
[WhiteElo "2116"]
[BlackElo "2198"]

1.d4 d6 2.e4 g6 3.Nc3 Bg7 4.Be3 a6 5.Nf3 Nf6 6.h3 O-O 7.Qd2 b5 8.Bd3 Bb7
9.a3 Re8 10.O-O e5 11.dxe5 dxe5 12.Rad1 Nbd7 13.Rfe1 Qe7 14.Bg5 Qf8 15.a4 b4
16.Nd5 Bxd5  0-1

[Event "14th OIBM"]
[Site "Bad Wiessee GER"]
[Date "2010.11.05"]
[Round "8.38"]
[White "Wichmann,D"]
[Black "Buchal,S"]
[Result "1/2-1/2"]
[WhiteElo "2177"]
[BlackElo "2334"]

1.e4 g6 2.d4 Bg7 3.Nc3 d6 4.Be3 a6 5.Qd2 Nd7 6.f3 b5 7.Nge2 Bb7 8.h4 h5 9.Nd1 c5
10.c3 Ngf6 11.g3 O-O 12.Bg2 cxd4 13.cxd4 e5 14.d5 Nh7 15.g4 f5 16.gxf5 gxf5
17.Bh6 Bxh6 18.Qxh6 Rf6 19.Qxh5 Nc5 20.Ne3 Bc8 21.exf5 Nd3+ 22.Kd2 Nxb2 23.Ng4 Nc4+
24.Ke1 Ra7 25.Nxf6+ Nxf6 26.Qh6 Rh7 27.Qc1 Nxd5 28.Qg5+ Qxg5 29.hxg5 Rxh1+
30.Bxh1 Bxf5 31.Kf2 Nb4 32.f4 Nd3+ 33.Kg3 Kg7 34.Bc6 Nb4 35.Bb7 Kg6 36.Rh1 exf4+
37.Kxf4 Nd3+ 38.Kg3 Nc5 39.Bd5 Kxg5 40.Bxc4 bxc4 41.Rh8 Bd3 42.Kf3 Kf6 43.Nc3 Ke6
44.Ke3 Kd7 45.Kd4 Ne6+ 46.Ke3 Kc6 47.Rc8+ Kd7 48.Rh8 Kc6 49.Rc8+ Kd7 50.Rh8  1/2-1/2

[Event "TCh-NOR Attack-serien 2010-11"]
[Site "Oslo NOR"]
[Date "2010.11.06"]
[Round "2"]
[White "Dolzhikova,O"]
[Black "Martinsen,S"]
[Result "1-0"]
[WhiteElo "2278"]
[BlackElo "2180"]

1.e4 g6 2.d4 Bg7 3.Nc3 d6 4.Be3 a6 5.Qd2 b5 6.h4 h5 7.a4 b4 8.Nd5 a5 9.Bc4 e6
10.Nf4 Ne7 11.Nf3 Nbc6 12.Ng5 d5 13.Bb5 dxe4 14.Nxe4 O-O 15.O-O-O Na7 16.Be2 Bb7
17.Nc5 Bc6 18.Rhg1 Nf5 19.g4 hxg4 20.Bxg4 Qxh4 21.Bxf5 exf5 22.d5 Rfd8 23.Qe2 Qf6
24.Bd4 Qd6 25.Nce6 fxe6 26.Rxg6 Qxf4+ 27.Kb1 Rd7 28.Qxe6+ Kf8 29.Bxg7+ Rxg7
30.Rf6+ Rf7 31.Qxf7+  1-0

[Event "TCh-HUN 2010-11"]
[Site "Budapest HUN"]
[Date "2010.11.07"]
[Round "2"]
[White "Feher,G"]
[Black "Hujbert,F"]
[Result "0-1"]
[WhiteElo "2343"]
[BlackElo "2395"]

1.e4 g6 2.d4 Bg7 3.Nc3 d6 4.Be3 c6 5.Qd2 b5 6.f3 Qa5 7.Nge2 Nd7 8.Nc1 Bb7
9.a4 a6 10.Nb3 Qc7 11.axb5 axb5 12.Rxa8+ Bxa8 13.Be2 Ngf6 14.O-O O-O 15.Ra1 Bb7
16.Nd1 Nb6 17.Na5 Ra8 18.Ra3 Nfd7 19.c3 Nd5 20.exd5 Rxa5 21.Rxa5 Qxa5 22.dxc6 Bxc6
23.Bh6 Bxh6 24.Qxh6 b4 25.Qe3 bxc3 26.bxc3 e6 27.h4 Kg7 28.Nf2 Qa1+ 29.Nd1 Nf6
30.Qd2 Qa5 31.Qc1 h6 32.Kf2 Qh5 33.g3 Qf5 34.Kg2 Qa5 35.Nf2 Qa2 36.Kf1 Nh5
37.Nh1 Qa8 38.Kg2 Qa2 39.Kf1 d5 40.g4 Bb5 41.Qe1 Nf4 42.Ng3 Qc2 43.g5 h5
44.Qf2 Nxe2 45.Nxe2 Qd1+  0-1

[Event "TCh-HUN 2010-11"]
[Site "Kazincbarcika HUN"]
[Date "2010.11.07"]
[Round "2"]
[White "Schneider,Ve"]
[Black "Horvath,Gy1"]
[Result "1/2-1/2"]
[WhiteElo "2251"]
[BlackElo "2356"]

1.e4 g6 2.d4 Bg7 3.Nc3 d6 4.Be3 a6 5.f4 b5 6.Nf3 Bb7 7.Bd3 Nd7 8.e5 e6 9.Ne4 Nb6
10.Qe2 Ne7 11.O-O Nf5 12.Bf2 Nd5 13.g3 Nb4 14.g4 Ne7 15.Bh4 Nxd3 16.Qxd3 h5
17.f5 Bxe4 18.Qxe4 gxf5 19.gxf5 exf5 20.Qe2 dxe5 21.dxe5 Qd5 22.Rad1 Qe4
23.Qd2 Qc6 24.Bxe7 Kxe7 25.Qg5+ Kf8 26.Rd8+ Rxd8 27.Qxd8+ Qe8 28.Qxc7 Rh6
29.Qc5+ Kg8 30.Re1 Rg6+ 31.Kh1 Qa8 32.Qf2 Qd5 33.b3  1/2-1/2

[Event "e2e4 Brighton Congress Open"]
[Site "Brighton ENG"]
[Date "2010.11.13"]
[Round "2"]
[White "Williamson,R"]
[Black "Eilers,Arne"]
[Result "1-0"]
[WhiteElo "2178"]
[BlackElo "1965"]

1.e4 g6 2.d4 Bg7 3.Nc3 d6 4.h3 c6 5.a4 Nd7 6.Nf3 Ngf6 7.g3 O-O 8.Bg2 e5 9.O-O Re8
10.d5 Nc5 11.Nd2 cxd5 12.exd5 b6 13.Re1 Bb7 14.a5 Rc8 15.Nf1 bxa5 16.Ne3 Ba6
17.Bd2 Rb8 18.b3 Nfd7 19.Na4 Nb7 20.c4 e4 21.Ra3 f5 22.Qc2 Ne5 23.Nb2 Qc7
24.Rea1 Nd3 25.Bc3 Bxc3 26.Qxc3 Nxb2 27.Qxb2 Nc5 28.Rxa5 Rb6 29.Qa2 Reb8
30.b4 Rxb4 31.Rxc5 Qxc5 32.Qxa6 Rb1+ 33.Rxb1 Rxb1+ 34.Bf1 Rb3 35.Qa2 Qa3
36.Qd2 a5 37.Qd4 Qc5 38.Qf6 Qc7 39.Ng2 Rb8 40.Nf4 Re8 41.Ne6 Qf7 42.Qa1 Ra8
43.c5 a4 44.c6 a3 45.c7 Qd7 46.Bb5 Qf7 47.Qxa3  1-0

[Event "e2e4 Brighton Congress Open"]
[Site "Brighton ENG"]
[Date "2010.11.14"]
[Round "5"]
[White "Ledger,D"]
[Black "Mangione,C"]
[Result "1-0"]
[WhiteElo "2261"]
[BlackElo "2099"]

1.e4 g6 2.d4 Bg7 3.Nc3 d6 4.f4 a6 5.Nf3 Nd7 6.e5 Nh6 7.Ng5 O-O 8.e6 Nb6 9.d5 c6
10.f5 gxf5 11.g4 Nxg4 12.Nxf7 Rxf7 13.exf7+ Kxf7 14.Be2 Bxc3+ 15.bxc3 Nxd5
16.Bxg4 fxg4 17.Qd3 Kg8 18.c4 Nf6 19.Bb2 Qa5+ 20.Bc3 Qg5 21.O-O Be6 22.Rae1 Qc5+
23.Bd4 Qxc4 24.Bxf6 exf6 25.Qxd6 Kf7 26.Qe5 f5 27.Rxf5+ Bxf5 28.Qxf5+ Kg8
29.Qg5+ Kh8 30.Qf6+ Kg8 31.Qg5+ Kh8 32.Qf6+ Kg8 33.Re7 Qc5+ 34.Kf1 Qc4+ 35.Ke1 Qb4+
36.c3 Qb1+ 37.Ke2 Qc2+ 38.Ke3 Qc1+ 39.Kd4 Rd8+ 40.Kc4 b5+ 41.Kb4 a5+ 42.Kc5 Qg1+
43.Kxc6 Qg2+ 44.Kc7 Qxh2+ 45.Kxd8 Qb8+ 46.Kd7 Qb7+ 47.Ke6 Qb6+ 48.Ke5 Qc5+
49.Ke4 Qc4+ 50.Ke3 Qc5+ 51.Ke2 Qc4+ 52.Ke1  1-0

[Event "FSIM November"]
[Site "Budapest HUN"]
[Date "2010.11.14"]
[Round "9"]
[White "Szalanczy,E"]
[Black "Biro,D"]
[Result "1-0"]
[WhiteElo "2247"]
[BlackElo "2211"]

1.e4 d6 2.d4 g6 3.Nc3 Bg7 4.Bg5 c6 5.Qd2 b5 6.f4 b4 7.Nd1 Qb6 8.c3 a5 9.Nf3 Bg4
10.Ne3 Bxf3 11.gxf3 bxc3 12.bxc3 d5 13.exd5 cxd5 14.Nxd5 Qe6+ 15.Ne3 Nf6
16.Bc4 Qd7 17.Qd3 O-O 18.f5 Kh8 19.O-O Nc6 20.Rab1 Rac8 21.Rb5 Qa7 22.Kh1 Rcd8
23.a4 Rd6 24.Bf4 Rdd8 25.h3 Nh5 26.Bh2 Nxd4 27.cxd4 Rxd4 28.Qb1  1-0

[Event "TCh-SWE Elitserien 2010-11"]
[Site "Sweden SWE"]
[Date "2010.11.14"]
[Round "5"]
[White "Tukhaev,A"]
[Black "Hillarp Persson,T"]
[Result "1/2-1/2"]
[WhiteElo "2550"]
[BlackElo "2517"]

1.e4 g6 2.d4 Bg7 3.Nc3 d6 4.f4 Nf6 5.Nf3 c5 6.Bb5+ Bd7 7.e5 Ng4 8.Bxd7+ Qxd7
9.d5 dxe5 10.h3 e4 11.hxg4 exf3 12.Qxf3 Na6 13.Bd2 O-O-O 14.O-O-O f5 15.gxf5 Qxf5
16.g4 Qf7 17.Qe4 h5 18.gxh5 Rxh5  1/2-1/2

[Event "1st Open"]
[Site "Brno CZE"]
[Date "2010.11.15"]
[Round "3"]
[White "Kopecek,Ivan"]
[Black "Bartos,J"]
[Result "0-1"]
[WhiteElo "1966"]
[BlackElo "2194"]

1.e4 g6 2.d4 Bg7 3.Nc3 d6 4.f4 a6 5.Nf3 b5 6.a3 Bb7 7.Be3 Nd7 8.Be2 c5 9.O-O Ngf6
10.Ng5 h6 11.e5 hxg5 12.exf6 exf6 13.fxg5 fxg5 14.dxc5 dxc5 15.Qd2 Qc7 16.g3 O-O-O
17.Nd5 Qe5 18.Bf3 Nf6 19.c4 bxc4 20.Nb6+ Kc7 21.Nxc4 Rxd2 22.Nxe5 Rdxh2 23.Nxf7 Bxf3
24.Nxh8 Rg2+ 25.Kh1 Bc6 26.Bxg5 Ng4 27.Rf7+ Kc8 28.Nxg6 Rh2+  0-1

[Event "VI World Blitz"]
[Site "Moscow RUS"]
[Date "2010.11.17"]
[Round "25.3"]
[White "Ponomariov,R"]
[Black "Mamedov,Rau"]
[Result "1/2-1/2"]
[WhiteElo "2744"]
[BlackElo "2660"]

1.d4 d6 2.e4 g6 3.Nc3 Bg7 4.Be3 c6 5.Qd2 b5 6.Bd3 Nd7 7.Nf3 Nb6 8.a4 b4 9.Ne2 a5
10.h3 Nf6 11.O-O O-O 12.Ng3 Nbd7 13.c3 bxc3 14.bxc3 c5 15.Rfe1 Qc7 16.Bh6 e5
17.Qg5 Ne8 18.Bxg7 Kxg7 19.dxe5 Nxe5 20.Qe3 Nf6 21.Nxe5 dxe5 22.Bc4 Rb8 23.Nf5+ Bxf5
24.exf5 e4 25.Rad1 Rbd8 26.fxg6 hxg6 27.Qg5 Rxd1 28.Rxd1 Re8 29.Qd2 Qe5 30.Qe3 Re7
31.Rb1 Rd7 32.g3 Qf5 33.Kg2 Nd5 34.Bxd5 Rxd5 35.Re1 Rd3 36.Qxe4 Qxe4+ 37.Rxe4 Rxc3
38.Re7 Rc4 39.Rc7 g5 40.Kf3 Kg6 41.Ke3 f6 42.Kd3 Rd4+ 43.Ke3 Rxa4 44.Rxc5 Ra1
45.Kf3 a4 46.Ra5 a3 47.h4 gxh4 48.gxh4 a2 49.Kg2 Kh6 50.Kh2 Kg6 51.Kg2 Kh6  1/2-1/2

[Event "TCh-NED"]
[Site "Netherlands NED"]
[Date "2010.11.20"]
[Round "3.10"]
[White "Rijnaarts,S"]
[Black "Pel,B"]
[Result "1-0"]
[WhiteElo "2262"]
[BlackElo "2294"]

1.e4 d6 2.d4 g6 3.Nc3 Bg7 4.Be3 a6 5.Qd2 Nd7 6.O-O-O b5 7.h4 Bb7 8.h5 b4
9.Nce2 Bxe4 10.h6 Bf8 11.Qxb4 Ngf6 12.Nc3 Bd5 13.Qa5 e6 14.Nxd5 Nxd5 15.Bd2 Be7
16.Bc4 N5b6 17.Bd3 O-O 18.Nf3 c5 19.dxc5 Nxc5 20.Be3 Nxd3+ 21.Rxd3 Nd5 22.Qxd8 Rfxd8
23.Bd2 Rdc8 24.Rb3 Rc7 25.Kb1 Rac8 26.Rc1 Bf8 27.Ra3 Rc6 28.c4 Nf6 29.Nd4 Rb6
30.f3 Nd7 31.Rb3 e5 32.Ne2 Rxb3 33.axb3 Nc5 34.Kc2 f5 35.b4 Ne6 36.Kd3 Re8
37.Ra1 Ra8 38.b5 e4+ 39.Kc3 exf3 40.gxf3 a5 41.Nd4 Nc5 42.Nb3 Nb7 43.Kd4 a4
44.Kd5 Kf7 45.Nd4 Nc5 46.b4 axb3 47.Nxb3 Rxa1 48.Nxa1 Ke7 49.Kc6 Kd8 50.Nc2 Kc8
51.Nd4 Nd3 52.Kb6 Ne5 53.Ka7 d5 54.Ne6 Bd6 55.c5 Bb8+ 56.Ka8 Nxf3 57.b6 Be5
58.Bf4 Nd4 59.Bxe5 Nc6 60.Nd4  1-0

[Event "TCh-NED"]
[Site "Netherlands NED"]
[Date "2010.11.20"]
[Round "3.7"]
[White "Ondersteijn,N"]
[Black "Potze,Rudolf"]
[Result "1-0"]
[WhiteElo "2268"]
[BlackElo "2114"]

1.e4 g6 2.d4 d6 3.Nc3 Bg7 4.Bg5 c6 5.Qd2 b5 6.Nf3 a6 7.Be2 Qc7 8.O-O Nd7
9.Rfe1 h6 10.Bh4 e5 11.dxe5 dxe5 12.a4 b4 13.Na2 a5 14.c3 g5 15.Bg3 Ngf6
16.Bc4 bxc3 17.Qxc3 Nh5 18.b4 Nxg3 19.hxg3 O-O 20.Bd5 axb4 21.Qxc6 Qxc6 22.Bxc6 Rb8
23.Bb5 b3 24.Nb4 Nc5 25.Nc6 Rb7 26.Rac1 Rxb5 27.axb5 Nd3 28.Ne7+ Kh7 29.Rxc8 Nxe1
30.Nd2 Rxc8 31.Nxc8 Bf6 32.Nxb3 Nc2 33.b6 Bd8 34.b7 Bc7 35.Ne7 Nb4 36.Nd5  1-0

[Event "TCh-NED"]
[Site "Netherlands NED"]
[Date "2010.11.20"]
[Round "3.5"]
[White "Nijboer,F"]
[Black "Roobol,M"]
[Result "1/2-1/2"]
[WhiteElo "2582"]
[BlackElo "2350"]

1.e4 g6 2.d4 Bg7 3.Nc3 d6 4.Be3 a6 5.f4 b5 6.Nf3 Bb7 7.Bd3 Nd7 8.e5 c5 9.Be4 Bxe4
10.Nxe4 cxd4 11.Bxd4 dxe5 12.fxe5 Nf8 13.Qe2 Ne6 14.O-O-O Qc7 15.Kb1 Nh6
16.c3 O-O 17.h4 Rac8 18.h5 Qc4 19.Qd2 Nf5 20.g4 Nfxd4 21.cxd4 Rfd8 22.hxg6 hxg6
23.Qc3 b4  1/2-1/2

[Event "British Rapidplay"]
[Site "Halifax ENG"]
[Date "2010.11.21"]
[Round "10"]
[White "Howell,D"]
[Black "Woolley,J"]
[Result "1-0"]
[WhiteElo "2611"]
[BlackElo "2099"]

1.e4 g6 2.d4 Bg7 3.Nc3 d6 4.f4 a6 5.Nf3 e6 6.Bd3 Ne7 7.Be3 Nbc6 8.Qd2 Nb4
9.Be2 d5 10.e5 Nf5 11.Bf2 h5 12.g3 Bf8 13.h3 h4 14.g4 Ng3 15.Bxg3 hxg3 16.Kf1 c5
17.Kg2 Nc6 18.Nd1 g5 19.c3 Qb6 20.fxg5 Bd7 21.Kxg3 O-O-O 22.Nf2 Be7 23.h4 Kb8
24.Raf1 Rdg8 25.b3 Qd8 26.Nd3 cxd4 27.cxd4 Qf8 28.Nf4 Bb4 29.Qe3 Ba5 30.Nh5 f5
31.exf6 Bc7+ 32.Kg2 Rxh5 33.gxh5 Qxf6 34.Ne5 Bxe5  1-0

[Event "ch-UKR w"]
[Site "Poltava UKR"]
[Date "2010.11.21"]
[Round "9"]
[White "Bezkorovaina,M"]
[Black "Yushko,O"]
[Result "0-1"]
[WhiteElo "1951"]
[BlackElo "2119"]

1.e4 d6 2.d4 g6 3.Nc3 Bg7 4.f4 Nf6 5.Nf3 c6 6.a4 O-O 7.Bd3 Qc7 8.O-O Nbd7
9.e5 Nd5 10.Ng5 Qb6 11.e6 Qxd4+ 12.Kh1 N7f6 13.Nxd5 Qxd5 14.f5 fxe6 15.c4 Qd4
16.fxg6 hxg6 17.Rf4 Qc5 18.Rh4 Qf2 19.Rf4 Qc5 20.Rf1 e5 21.Bxg6 Qxc4 22.Bd2 Qg4
23.Qb3+ d5 24.Rac1 Bh6 25.h3 Qe2 26.Rcd1 Kg7 27.Qg3 Kxg6 28.Ne6+ Kh7 29.Bxh6 Rg8
30.Nf8+ Kxh6 31.Qh4+ Nh5 32.g4 Bxg4 33.hxg4 Rxg4 34.Qh3 Rxf8 35.Rxf8 Qxd1+
36.Rf1 Qxf1+  0-1